Adolescencia y Salud/
Guardado en:
| Formato: | Libro |
|---|---|
| Lenguaje: | Spanish |
| Publicado: |
San José, Costa Rica:
CCSS. DTSS. DMP. Programa Atención Integral de la Adolescencia,
1999-
|
| Materias: | |
| Etiquetas: |
Agregar Etiqueta
Sin Etiquetas, Sea el primero en etiquetar este registro!
|
MARC
| LEADER | 00000nam a22000007a 4500 | ||
|---|---|---|---|
| 003 | cru CIDCACS/IIS | ||
| 005 | 20190916103738.0 | ||
| 008 | 190916s1999 cr |||||r||||||0| ||spa|d | ||
| 999 | |c 42346 |d 42346 | ||
| 040 | |c cru CIDCACS/IIS | ||
| 090 | |a REV1409 | ||
| 245 | 0 | |a Adolescencia y Salud/ |c CCSS. DTSS. DMP. Programa Atención Integral de la Adolescencia | |
| 260 | |a San José, Costa Rica: |b CCSS. DTSS. DMP. Programa Atención Integral de la Adolescencia, |c 1999- | ||
| 650 | 0 | |9 978 |a JUVENTUD | |
| 650 | 4 | |9 3349 |a ADOLESCENTES | |
| 650 | 0 | |9 4359 |a ESTUDIANTES | |
| 650 | 0 | |9 2449 |a SALUD | |
| 650 | 0 | |9 2448 |a SALUD BÁSICA | |
| 942 | |2 ddc |c PP | ||
